|
|
|
|
| LEADER |
00000cam a2200000 4500 |
| 001 |
vtls012129997 |
| 003 |
SK-MaSNL |
| 005 |
20260301151101.0 |
| 008 |
220405s2021 xr oac g 000 0 cze |
| 015 |
|
|
|a SNBZSA2023/08
|
| 020 |
|
|
|a 9788026437444
|q (viazané)
|
| 040 |
|
|
|a SNK
|b slo
|c SNK
|e rda
|
| 041 |
1 |
|
|a cze
|h slo
|
| 043 |
|
|
|a e-kv---
|a a-is---
|a a-af---
|a a-iq---
|a a-le---
|a a-aj---
|a f-so---
|a a-iq---
|
| 044 |
|
|
|a xr
|c CZ
|
| 072 |
|
7 |
|a 91
|x Geografia ako veda. Výskum. Cestovanie
|2 konspekt
|
| 080 |
|
|
|a 910.4
|2 2011
|
| 080 |
|
|
|a (497.115)
|2 2011
|
| 080 |
|
|
|a (394.5)
|2 2001
|
| 080 |
|
|
|a (581)
|2 2011
|
| 080 |
|
|
|a (567)
|2 2011
|
| 080 |
|
|
|a (569.3)
|2 2011
|
| 080 |
|
|
|a (479.243)
|2 2011
|
| 080 |
|
|
|a (677.8)
|2 2011
|
| 080 |
|
|
|a (0:82-992)
|2 2011
|
| 100 |
1 |
|
|a Gregor, Peter,
|d 1986-
|4 aut
|9 214592
|
| 240 |
1 |
0 |
|a Mimo turistickej zóny
|l Česky
|
| 245 |
1 |
0 |
|a Mimo turistickou zónu
|b na toulkách po Afghánistánu, Iráku, Somálsku a jiných "populárních" destinacích
|c Peter Gregor ; ze slovenského originálu Mimo turistickej zóny ... přeložila Marie Fišerová
|
| 250 |
|
|
|a 1. vydání
|
| 264 |
|
1 |
|a V Brně
|b CPress
|c 2021
|
| 300 |
|
|
|a 151 strán
|b fotografie, ilustrácie, portréty
|c 22 cm
|
| 336 |
|
|
|a text
|b txt
|2 rdacontent
|
| 337 |
|
|
|a bez média
|b n
|2 rdamedia
|
| 338 |
|
|
|a zväzok
|b nc
|2 rdacarrier
|
| 500 |
|
|
|a Obsahuje biografické a profesijné údaje o autorovi
|
| 500 |
|
|
|a Preložené zo slovenčiny
|
| 650 |
0 |
7 |
|a cestovanie
|2 SNKPH
|9 18846
|
| 650 |
0 |
7 |
|a Travelling
|2 SNKPHeng
|9 274118
|
| 651 |
|
7 |
|a Kosovo
|2 SNKPHgeo
|9 112264
|
| 651 |
|
7 |
|a Kosovo (Republic)
|2 SNKPHeng
|9 150579
|
| 651 |
|
7 |
|a Palestína
|2 SNKPHgeo
|9 68544
|
| 651 |
|
7 |
|a Afganistan
|2 SNKPHgeo
|9 22003
|
| 651 |
|
7 |
|a Afghanistan
|2 SNKPHeng
|9 313784
|
| 651 |
|
7 |
|a Kurdistan (Irak)
|2 SNKPHgeo
|9 509274
|
| 651 |
|
7 |
|a Irak
|2 SNKPHgeo
|9 28953
|
| 651 |
|
7 |
|a Iraq
|2 SNKPHeng
|9 343088
|
| 651 |
|
7 |
|a Libanon
|2 SNKPHgeo
|9 51209
|
| 651 |
|
7 |
|a Lebanon
|2 SNKPHeng
|9 423249
|
| 651 |
|
7 |
|a Náhorný Karabach (Azerbajdžan)
|2 SNKPHgeo
|9 98646
|
| 651 |
|
7 |
|a Nagorno-Karabakh (Azerbaijan)
|2 SNKPHeng
|9 506407
|
| 651 |
|
7 |
|a Somálsko
|2 SNKPHgeo
|9 90085
|
| 651 |
|
7 |
|a Somalia
|2 SNKPHeng
|9 413545
|
| 655 |
|
7 |
|a cestopisy
|2 SNKPH
|9 70220
|
| 655 |
|
7 |
|a Books of travels
|2 SNKPHeng
|9 280380
|
| 700 |
1 |
|
|a Fišerová, Marie
|4 trl
|9 509275
|
| 852 |
|
|
|a Slovenská národná knižnica
|
| 919 |
|
|
|a 978-80-264-3744-4
|
| 954 |
|
|
|a odborná, vedecká literatúra pôvodná (slovenská)
|2 lita
|
| 958 |
|
|
|a ZS
|
| 958 |
|
|
|a UP
|
| 999 |
|
|
|c 785521
|d 787451
|
| 952 |
|
|
|a SNK
|b SNK
|y PREZ
|7 0
|p 17A1531907
|o snkSC 202718
|i snk2023/8820
|8 4
|g 11.75
|0 0
|1 0
|4 0
|d 2022-04-05
|l 0
|r 2025-10-27 00:00:00
|w 2026-02-24
|